000 01311cam a2200349 a 4500
001 4474
003 FISKH
005 20240911145958.0
008 930628s1994 caua j 000 0 eng
010 _a 93027957
020 _a0152000275
020 _a9780152017002
040 _aDLC
_cDLC
_dDLC
_beng
050 _aQA445.M32
082 _a516
100 1 _aMacDonald, Suse.
245 1 0 _aSea shapes /
_cby Suse MacDonald.
250 _aFirst Voyager Books edition 1998
260 _aNew York : Voyager Books,
_c1994
300 _a30 unnumbered pages :
_bcolor illustrations ;
_c23 x 28 cm
505 _aD
520 _aThis engaging concept book invites very young children to identify basic shapes that transform into beautiful undersea creatures. Includes an informative glossary of sea facts. "Delectable viewing pleasure."--The Horn Book "Elegantly conjures up an undersea world in which a square evolves into a skate while hexagons combine to make a turtle's shell."
521 _a160
_bLexile
521 _aD
_bRaz-Plus
650 0 _aGeometry
_xJuvenile literature.
650 0 _aMarine animals
_xJuvenile literature.
650 1 _aShape.
650 1 _aMarine animals.
906 _a7
_bcbc
_corignew
_d1
_eocip
_f19
_gy-gencatlg
942 _2ddc
_cBK
_n0
999 _c4474
_d4474